000 00297nam a22001337a 4500
008 180928b xxu||||| |||| 00| 0 eng d
020 _a9780140514032
041 _aeng
080 _a573
100 _a11
101 _aBIO
245 _aDictionary of plant sciences
_cBailey,J
942 _2udc
_cBK
999 _c48671
_d48671